[Event "Mondiale Lampo FIDE 2019"]
[Site "Mosca"]
[Date "29.12.2019"]
[Round "11.85"]
[White "Makarian, Rudik"]
[Black "Pashikian, Arman"]
[Result "0-1"]
[WhiteTitle "IM"]
[BlackTitle "GM"]
[WhiteElo "2397"]
[BlackElo "2605"]
[WhiteFideId "44105681"]
[BlackFideId "13301578"]
[EventDate "2019.12.29"]

1. d4 Nf6 2. c4 e6 3. Nf3 d5 4. Nc3 Bb4 5. g3 O-O 6. Bg2 dxc4 7. O-O Nc6 8. Qa4
Nd5 9. Qc2 Be7 10. Rd1 b6 11. e4 Ncb4 12. Qd2 Nf6 13. Ne5 c5 14. d5 exd5 15.
exd5 Bd6 16. Nxc4 Ba6 17. Nxd6 Qxd6 18. Qf4 Qd7 19. Ne4 Nfxd5 20. Qh4 Nd3 21.
Ng5 h6 22. Be4 Nf6 23. Bxd3 Bxd3 24. Nf3 Qf5 25. Bf4 Be2 26. Ne5 Bxd1 27. Rxd1
g5 28. Qxh6 gxf4 29. gxf4 Rad8 30. Re1 Qh7 31. Qxf6 Qg7+ 32. Qxg7+ Kxg7 33. Re2
Rd4 34. Kg2 Rxf4 35. Kg3 Rd4 36. f4 Rg8 37. Kf3 Rh8 38. Rg2+ Kf8 39. Re2 Rh4 40.
Ng4 f5 41. Ne5 Rhxf4+ 42. Kg3 Rfe4 43. Ng6+ Kg7 0-1

[Event "Mondiale Lampo FIDE 2019"]
[Site "Mosca"]
[Date "29.12.2019"]
[Round "11.86"]
[White "Aravindh, Chithambaram VR."]
[Black "Rozum, Ivan"]
[Result "1-0"]
[WhiteTitle "GM"]
[BlackTitle "GM"]
[WhiteElo "2605"]
[BlackElo "2573"]
[WhiteFideId "5072786"]
[BlackFideId "24104272"]
[EventDate "2019.12.29"]

1. d4 Nf6 2. c4 e6 3. Nc3 Bb4 4. Nf3 b6 5. Bg5 Bb7 6. Nd2 h6 7. Bh4 c5 8. a3
Bxc3 9. bxc3 d6 10. f3 Nbd7 11. e4 e5 12. Be2 Nf8 13. Nf1 Ng6 14. Bf2 O-O 15.
Ne3 Bc8 16. g3 Be6 17. h4 cxd4 18. cxd4 exd4 19. Qxd4 Qc7 20. f4 Ne7 21. g4 Nc6
22. Qd3 Rfe8 23. g5 Bxc4 24. Nxc4 Nxe4 25. O-O d5 26. Ne3 Qxf4 27. Nxd5 Qe5 28.
Rad1 hxg5 29. Bf3 Nxf2 30. Rxf2 Rad8 31. Bg2 gxh4 32. Qf3 Qe6 33. Rdf1 Ne5 34.
Qh5 Rxd5 35. Bxd5 Qxd5 36. Rxf7 Qd4+ 37. R7f2 Qg4+ 38. Qxg4 Nxg4 39. Rf4 Ne3 40.
Re1 Re7 41. Rxh4 Nf5 42. Rxe7 Nxe7 43. Rc4 Kf7 44. Rc7 a6 45. Rb7 b5 46. Rb6 Nd5
47. Rxa6 Ke7 48. Kf2 Kd7 49. Ke2 b4 50. a4 g5 51. Kd2 g4 52. Rg6 Nc3 53. a5 g3
54. Kd3 Kc7 55. Kc4 Ne4 56. Kxb4 Kb7 57. a6+ Ka7 58. Ka5 Nc5 59. Rxg3 Nxa6 1-0

[Event "Mondiale Lampo FIDE 2019"]
[Site "Mosca"]
[Date "29.12.2019"]
[Round "11.87"]
[White "Huzman, Alexander"]
[Black "Tissir, Mohamed"]
[Result "0-1"]
[WhiteTitle "GM"]
[BlackTitle "IM"]
[WhiteElo "2567"]
[BlackElo "2379"]
[WhiteFideId "2803828"]
[BlackFideId "9000240"]
[EventDate "2019.12.29"]

1. Nf3 Nf6 2. c4 g6 3. g3 Bg7 4. Bg2 O-O 5. O-O d6 6. Nc3 a6 7. d3 h6 8. Rb1 e5
9. b4 Re8 10. Nd2 Nbd7 11. a4 Nf8 12. b5 axb5 13. axb5 Ne6 14. Bb2 Ng5 15. Ra1
Rb8 16. Nd5 Bh3 17. Nxf6+ Bxf6 18. e4 Bxg2 19. Kxg2 Qd7 20. f4 Qh3+ 21. Kg1 Ne6
22. f5 gxf5 23. Rxf5 Bg5 24. Nf1 Ng7 25. Rf2 f5 26. Qf3 Rf8 27. Qg2 Qxg2+ 28.
Kxg2 fxe4 29. dxe4 Rxf2+ 30. Kxf2 Ne6 31. h4 Be7 32. Nd2 c6 33. Ke2 cxb5 34.
cxb5 Nc7 35. b6 Ne6 36. Ra7 Bd8 37. Nc4 Rc8 38. Na3 Bxb6 39. Rxb7 Bd4 40. Bxd4
Nxd4+ 41. Kd3 Rf8 42. Kc4 Rf3 43. Nb5 Nxb5 44. Rxb5 Kf7 45. Rb7+ Ke6 46. Rh7
Rxg3 47. Rxh6+ Kd7 48. h5 Re3 49. Rh7+ Kc6 50. Rf7 Rxe4+ 51. Kc3 Rh4 52. Rf5 Kd5
53. Rg5 Rh3+ 54. Kd2 Kd4 55. Ke2 d5 56. Kf2 e4 57. Kg2 Rh4 58. Kg3 Rh1 59. Kg2
Ra1 60. h6 Ra6 61. Rh5 Ra8 62. h7 Rh8 63. Kf2 Kc4 64. Ke3 Kc5 65. Rh1 Kd6 0-1

[Event "Mondiale Lampo FIDE 2019"]
[Site "Mosca"]
[Date "29.12.2019"]
[Round "11.88"]
[White "Triapishko, Alexandr"]
[Black "Iljiushenok, Ilia"]
[Result "0-1"]
[WhiteTitle "IM"]
[BlackTitle "GM"]
[WhiteElo "2502"]
[BlackElo "2521"]
[WhiteFideId "14122286"]
[BlackFideId "24105074"]
[EventDate "2019.12.29"]

1. Nf3 Nf6 2. g3 g6 3. b3 Bg7 4. Bb2 O-O 5. Bg2 d6 6. d4 b5 7. O-O Bb7 8. Qd3 a6
9. Nbd2 c5 10. c4 bxc4 11. Nxc4 Be4 12. Qe3 Nbd7 13. Rfd1 Rc8 14. Rac1 cxd4 15.
Bxd4 Bb7 16. Bh3 Re8 17. Bb2 Rc7 18. Bd4 Qa8 19. Bb2 Nc5 20. Bg2 Nce4 21. Bh3 h5
22. Ng5 Bh6 23. f4 e5 24. Nxd6 exf4 25. gxf4 Nxd6 26. Qd4 Rxc1 27. Rxc1 Bg7 28.
Qxd6 Qa7+ 29. Qc5 Qb8 30. Be5 Qd8 31. Qc7 Qd5 32. e4 Nxe4 33. Nxe4 Qxe4 34. Kf2
Bxe5 35. fxe5 Rxe5 36. Qc3 Qf4+ 37. Kg1 Re3 38. Qd2 Rg3+ 0-1

[Event "Mondiale Lampo FIDE 2019"]
[Site "Mosca"]
[Date "29.12.2019"]
[Round "11.89"]
[White "Sek, Konstantin"]
[Black "Studer, Noel"]
[Result "0-1"]
[BlackTitle "GM"]
[WhiteElo "2446"]
[BlackElo "2546"]
[WhiteFideId "24104302"]
[BlackFideId "1319620"]
[EventDate "2019.12.29"]

1. e4 e6 2. d4 d5 3. Nd2 c5 4. c3 cxd4 5. cxd4 Nc6 6. Ngf3 dxe4 7. Nxe4 Bb4+ 8.
Nc3 Nf6 9. Bd3 O-O 10. O-O b6 11. Re1 Bb7 12. a3 Be7 13. Bc2 Re8 14. Qd3 Rc8 15.
Bg5 g6 16. Rad1 Nd5 17. Bc1 Na5 18. Ne5 Qc7 19. Ba4 Red8 20. Nb5 Qb8 21. Qh3 Bf8
22. Nxf7 Kxf7 23. Qxh7+ Bg7 24. Qh3 Re8 25. Rd3 Nf6 26. Rg3 Bd5 27. Qh4 Nh5 28.
Rg5 Bf6 29. Nc3 Bxg5 30. Qxg5 Qd6 31. Bc2 Rg8 32. g4 Nf6 33. Bf4 Qe7 34. Be5 Nd7
35. Qf4+ Ke8 36. Bd3 g5 37. Qg3 Nxe5 38. Rxe5 Nc6 39. Nxd5 Qf7 40. Ne3 Nxe5 41.
Qxe5 Kf8 42. d5 Re8 43. d6 Qf4 44. Qc3 Qxd6 45. Nc4 Qe7 46. Ne5 Rg7 47. Be4 Kg8
48. h3 Rf8 49. Nf3 Qf6 50. Qd3 Rgf7 51. Kg2 Qg7 52. Qe2 Rf4 53. Bc6 Qf6 54. Bb7
Kg7 55. Bc6 Rh8 56. Be4 Qh6 57. Ng1 Rhf8 58. f3 Qf6 59. Qc2 Rd8 60. Qc7+ Kf8 61.
Ne2 Qe7 62. Qe5 Qf6 63. Nxf4 Qxf4 64. Qh8+ Ke7 65. Qg7+ Kd6 66. Qb7 Rd7 67. Qc8
Ke7 68. Qh8 Rd2+ 69. Kf1 Rd1+ 70. Kg2 Qd2+ 0-1

[Event "Mondiale Lampo FIDE 2019"]
[Site "Mosca"]
[Date "29.12.2019"]
[Round "11.90"]
[White "Vishnu Prasanna, V"]
[Black "Atabayev, Maksat"]
[Result "1/2-1/2"]
[WhiteTitle "GM"]
[BlackTitle "GM"]
[WhiteElo "2493"]
[BlackElo "2475"]
[WhiteFideId "5030692"]
[BlackFideId "14001101"]
[EventDate "2019.12.29"]

1. d4 Nf6 2. Nf3 e6 3. Bf4 b6 4. e3 Bb7 5. h3 g6 6. c4 Bg7 7. Nc3 O-O 8. Be2 d6
9. O-O Nbd7 10. Rc1 Qe7 11. Bh2 a6 12. b4 Rfd8 13. Qb3 Ne4 14. Nxe4 Bxe4 15. d5
Bxf3 16. Bxf3 e5 17. e4 Bh6 18. Rc2 a5 19. a3 axb4 20. axb4 Ra7 21. Ra2 Rda8 22.
Rfa1 Rxa2 23. Rxa2 Rxa2 24. Qxa2 Qg5 25. Bg3 Kg7 26. Kh2 Qc1 27. Qa4 Nf6 28. Qc6
Qc3 29. b5 Bf4 30. Qxc7 Qd4 31. Qxd6 Qxf2 32. Bxf4 exf4 33. Qxf4 Qd4 34. d6 Nd7
35. Bg4 Ne5 36. d7 Nxd7 37. Bxd7 Qxd7 38. Qe5+ Kh6 39. Qb8 Qe6 40. Qf4+ Kg7 41.
e5 Qc8 42. Qf6+ Kg8 43. Qxb6 Qxc4 44. Qd8+ Kg7 45. Qf6+ Kg8 46. b6 Qb4 47. Qf2
h5 48. Qe3 h4 49. e6 Qd6+ 50. Kg1 Qd1+ 51. Kf2 Qc2+ 52. Ke1 Qb1+ 53. Ke2 Qc2+
54. Kf1 Qb1+ 55. Kf2 Qc2+ 56. Kg1 Qd1+ 57. Kh2 Qd6+ 58. Kh1 fxe6 59. b7 Qd1+ 60.
Qg1 Qb3 61. Qa7 Qd1+ 62. Kh2 Qd6+ 63. Kg1 Qd1+ 64. Kf2 Qd2+ 65. Kf3 Qd3+ 66. Qe3
Qf5+ 67. Ke2 Qb5+ 68. Qd3 Qxb7 69. Qxg6+ Kh8 70. Qh5+ Kg7 71. Qg4+ Kf7 72. Qf4+
Ke8 73. Kf1 Qb1+ 74. Kf2 Qb6+ 75. Kf3 Qc6+ 76. Qe4 Qc3+ 77. Qe3 Qf6+ 78. Ke2
Qb2+ 79. Kf1 Qb1+ 80. Kf2 Qc2+ 81. Kf3 Qf5+ 82. Ke2 1/2-1/2

[Event "Mondiale Lampo FIDE 2019"]
[Site "Mosca"]
[Date "29.12.2019"]
[Round "11.91"]
[White "Batchuluun, Tsegmed"]
[Black "Kryakvin, Dmitry"]
[Result "1/2-1/2"]
[WhiteTitle "GM"]
[BlackTitle "GM"]
[WhiteElo "2530"]
[BlackElo "2596"]
[WhiteFideId "4900847"]
[BlackFideId "4153278"]
[EventDate "2019.12.29"]

1. d4 Nf6 2. c4 g6 3. Nc3 Bg7 4. e4 d6 5. f3 O-O 6. Be3 a6 7. Bd3 Nbd7 8. Nge2
c5 9. O-O b6 10. Qd2 Bb7 11. Rac1 cxd4 12. Nxd4 Rc8 13. b3 e6 14. Rfd1 Re8 15.
Bf2 Qc7 16. Bf1 Qb8 17. Nde2 Bf8 18. Bg3 Ne5 19. Nd4 Red8 20. Bf2 Ned7 21. Kh1
Qa8 22. Re1 Bg7 23. Be3 d5 24. cxd5 exd5 25. exd5 Nxd5 26. Nxd5 Bxd5 27. Rxc8
Rxc8 28. Rc1 Rxc1 29. Qxc1 b5 30. Qc7 Nf8 31. a4 Bxd4 32. Bxd4 Ne6 33. Qe5 Nxd4
34. Qxd4 Bxb3 35. axb5 axb5 36. Bxb5 Be6 37. Bf1 Qd5 38. Qxd5 Bxd5 1/2-1/2

[Event "Mondiale Lampo FIDE 2019"]
[Site "Mosca"]
[Date "29.12.2019"]
[Round "11.92"]
[White "Tran, Tuan Minh"]
[Black "Blohberger, Felix"]
[Result "0-1"]
[WhiteTitle "GM"]
[BlackTitle "IM"]
[WhiteElo "2529"]
[BlackElo "2434"]
[WhiteFideId "12401820"]
[BlackFideId "1632051"]
[EventDate "2019.12.29"]

1. c4 e5 2. g3 Nc6 3. Bg2 Bc5 4. Nc3 a6 5. e3 d6 6. Nge2 h5 7. h4 Ba7 8. d4 Nf6
9. O-O Bg4 10. d5 Ne7 11. e4 Bd7 12. Qd3 Rb8 13. Nd1 b5 14. Be3 bxc4 15. Qc3
Bxe3 16. Nxe3 O-O 17. Rfc1 c6 18. dxc6 Bxc6 19. Qc2 d5 20. exd5 Nexd5 21. Nxc4
Nb4 22. Qf5 Bxg2 23. Kxg2 e4 24. Nf4 Rb5 25. Qh3 Nd3 26. Nxd3 Qxd3 27. b3 Ng4
28. Kg1 Rf5 29. Rf1 Qc2 30. Qg2 Rf3 31. Rae1 f5 32. Ra1 a5 33. Rfc1 Qxf2+ 34.
Qxf2 Rxf2 35. Rf1 Re2 36. Rfe1 Rf2 37. Rf1 Rc2 38. Rfc1 Rxc1+ 39. Rxc1 Rc8 40.
Rd1 a4 41. Rd5 axb3 42. axb3 e3 43. Kf1 Rb8 44. Rd3 Ra8 45. Nxe3 Ra1+ 46. Ke2
Ra2+ 47. Rd2 Ra5 48. Nc4 Rb5 49. Rb2 Kh7 50. b4 Kg6 51. Na3 Rb7 52. b5 Ne5 53.
Rb3 Kf6 54. Ke3 g5 55. hxg5+ Kxg5 56. Kd4 Nd7 57. Kd5 Nf6+ 58. Kc6 Rb8 59. b6
Ne4 60. Kc7 Rf8 61. b7 Nc5 62. Rb5 Rf7+ 63. Kc6 Nxb7 64. Nc4 Nd8+ 65. Kd5 Rd7+
66. Ke5 Nc6+ 67. Ke6 Nd4+ 68. Kxd7 Nxb5 69. Ke6 Nd4+ 70. Kd5 Nf3 71. Ne3 Ng1 72.
Ke5 Nf3+ 73. Ke6 Nd4+ 74. Ke5 Nf3+ 75. Ke6 f4 76. gxf4+ Kxf4 77. Nf5 Kg5 78. Ng3
h4 79. Ne4+ Kf4 80. Nf2 Kg3 81. Ne4+ Kf4 82. Nf2 Ng5+ 83. Kd5 Kf3 84. Nd3 h3 85.
Ne5+ Kg3 86. Nc4 h2 0-1

[Event "Mondiale Lampo FIDE 2019"]
[Site "Mosca"]
[Date "29.12.2019"]
[Round "11.93"]
[White "Shcherbakov, Ruslan"]
[Black "Miranda Neto, Jayme Amorim"]
[Result "1-0"]
[WhiteTitle "GM"]
[BlackTitle "CM"]
[WhiteElo "2527"]
[BlackElo "2102"]
[WhiteFideId "4102240"]
[BlackFideId "2115964"]
[EventDate "2019.12.29"]

1. Nf3 d5 2. g3 Nf6 3. Bg2 g6 4. O-O Bg7 5. d3 O-O 6. Nbd2 c6 7. e4 dxe4 8. dxe4
Qc7 9. Re1 Rd8 10. Qe2 e5 11. Nc4 Ne8 12. a4 h6 13. b3 Be6 14. Bb2 Nd7 15. Rad1
a6 16. a5 Bxc4 17. Qxc4 Qxa5 18. Bh3 Nf8 19. Bc3 Qc7 20. b4 Rxd1 21. Rxd1 Rd8
22. Rxd8 Qxd8 23. Bxe5 Qd1+ 24. Kg2 Nd6 25. Qd3 Qxd3 26. cxd3 Nb5 27. Kf1 Ne6
28. Bxe6 fxe6 29. Ke1 Bf8 30. Kd1 Bxb4 31. Kc2 Bd6 32. Bxd6 Nxd6 33. Ne5 g5 34.
f4 Kg7 35. Kc3 c5 36. Nd7 gxf4 37. gxf4 c4 38. e5 Nf7 39. Nc5 Kg6 40. Nxe6 Kf5
41. Ng7+ Kxf4 42. e6 Nd6 43. dxc4 Ne4+ 44. Kd4 Nf6 45. e7 Kf3 46. Ke5 Nd7+ 47.
Ke6 Nc5+ 48. Kd6 Ne4+ 49. Ke6 1-0

[Event "Mondiale Lampo FIDE 2019"]
[Site "Mosca"]
[Date "29.12.2019"]
[Round "11.94"]
[White "Luukkonen, Tommi"]
[Black "Mikhailovsky, Vladimir"]
[Result "1/2-1/2"]
[WhiteTitle "FM"]
[BlackTitle "CM"]
[WhiteElo "2290"]
[BlackElo "2209"]
[WhiteFideId "501808"]
[BlackFideId "34105414"]
[EventDate "2019.12.29"]

1. e4 d5 2. exd5 Nf6 3. Nf3 Nxd5 4. d4 Bg4 5. Be2 e6 6. h3 Bf5 7. a3 c5 8. c4
Nc7 9. Nc3 Be7 10. d5 exd5 11. cxd5 O-O 12. O-O Bf6 13. Bc4 Nd7 14. Ba2 Nb6 15.
d6 Ne6 16. Nd5 Nxd5 17. Qxd5 Bg6 18. Ne5 b6 19. Rd1 Nd4 20. Nxg6 hxg6 21. d7 a5
22. Qe4 Qxd7 23. Be3 Qf5 24. Qb7 Nc2 25. Bb1 Rad8 26. Rc1 Bxb2 27. Bxc2 Qf6 28.
Rab1 Bxc1 29. Rxc1 Qb2 30. Be4 Rb8 31. Qc6 Qxa3 32. Rd1 a4 33. Bd5 Kh7 34. Be4
Qb3 35. Rd3 Qb4 36. Rd5 Rfc8 37. Qd7 Qxe4 1/2-1/2

[Event "Mondiale Lampo FIDE 2019"]
[Site "Mosca"]
[Date "29.12.2019"]
[Round "11.95"]
[White "Makoveev, Ilya"]
[Black "Gurvich, Vitaly"]
[Result "1/2-1/2"]
[WhiteTitle "FM"]
[BlackTitle "FM"]
[WhiteElo "2277"]
[BlackElo "2230"]
[WhiteFideId "34155748"]
[BlackFideId "24164852"]
[EventDate "2019.12.29"]

1. e4 Nf6 2. e5 Ng8 3. d4 d6 4. Nf3 c6 5. Bd3 Bg4 6. h3 Bxf3 7. Qxf3 e6 8. O-O
dxe5 9. dxe5 Nd7 10. Qg3 Qc7 11. f4 Ne7 12. Nc3 Nd5 13. Ne4 Nc5 14. f5 Nxe4 15.
Bxe4 Bc5+ 16. Kh1 O-O-O 17. c4 Nb6 18. Qxg7 Nxc4 19. Bf4 Bd4 20. fxe6 fxe6 21.
Qg4 Rde8 22. Rad1 Bxe5 23. Bxe5 Nxe5 24. Qe2 Rhf8 25. Bc2 a6 26. Rxf8 Rxf8 27.
Re1 Nd7 28. Qxe6 1/2-1/2

[Event "Mondiale Lampo FIDE 2019"]
[Site "Mosca"]
[Date "29.12.2019"]
[Round "11.96"]
[White "Tsvetkov, Andrey"]
[Black "Belousov, Danila"]
[Result "1/2-1/2"]
[WhiteTitle "FM"]
[BlackTitle "FM"]
[WhiteElo "2350"]
[BlackElo "2274"]
[WhiteFideId "34139360"]
[BlackFideId "4167350"]
[EventDate "2019.12.29"]

1. d4 d5 2. c4 e5 3. dxe5 d4 4. Nf3 Nc6 5. Nbd2 Nge7 6. Nb3 Nf5 7. g3 Be6 8. Bg2
Bxc4 9. Qc2 Bb4+ 10. Nfd2 Be6 11. Nc5 Bd5 12. Nxb7 Qd7 13. O-O Bxg2 14. Kxg2 O-O
15. Nf3 d3 16. exd3 Qd5 17. Qc4 Qxf3+ 18. Kxf3 Nxe5+ 19. Ke4 Nxc4 20. dxc4 g6
21. a3 Rfe8+ 22. Kf3 Nd4+ 23. Kg2 Nb3 24. axb4 Nxa1 25. Bf4 Rab8 26. Nc5 Nc2 27.
b5 Rbc8 28. Rc1 Nd4 29. Rd1 Ne2 30. Be3 c6 31. bxc6 Rxc6 32. Nd7 h5 33. Rd2 Nc1
34. Rc2 Nb3 35. Rc3 Kg7 36. Rxb3 Rxc4 37. Rb7 Rc2 38. Bd4+ Kh6 39. Nf6 Rd8 40.
Be3+ Kg7 41. Ne4 Re8 42. Bd4+ Kf8 43. Nf6 Rd8 44. Rd7 Rxd7 45. Nxd7+ Ke7 46. Ne5
Ke6 47. Nf3 a6 48. h4 Kd5 49. Bc3 Rc1 50. Ng5 f5 51. Nh7 Ke6 52. Nf8+ Kf7 53.
Nd7 Rc2 54. Ne5+ Kf6 55. Nc6+ Ke6 56. Nb4 Rc1 57. Nxa6 f4 58. gxf4 Kf5 59. Nc5
Rb1 60. Nd3 Ke4 61. Ne5 Kf5 62. Nc6 Kxf4 63. Ne7 Kg4 64. Nxg6 Kf5 65. Ne7+ Kg4
66. Ng6 Kf5 67. Ne5 Kf4 68. Nf3 Kg4 69. Nh2+ Kf4 70. Nf3 Kg4 71. Be5 Kf5 72. Bd4
Kg4 73. Bc3 Kf5 74. Kg3 Rc1 75. Nd4+ Ke4 76. Ne2 Rd1 77. Nf4 Rg1+ 78. Kh2 Rg4
79. Ng2 Kf3 80. Ne1+ Kxf2 81. Nd3+ Ke3 82. Ne5 Rxh4+ 83. Kg3 Re4 84. Ng6 Rg4+
85. Kh3 Rxg6 86. Kh4 Rg4+ 87. Kxh5 Rc4 88. Kg5 Kd3 89. Kf5 Rxc3 90. bxc3 Kxc3 1/2-1/2

[Event "Mondiale Lampo FIDE 2019"]
[Site "Mosca"]
[Date "29.12.2019"]
[Round "11.97"]
[White "Guimaraes, Diogo Duarte"]
[Black "Yagupov, Igor"]
[Result "0-1"]
[WhiteTitle "FM"]
[BlackTitle "GM"]
[WhiteElo "2322"]
[BlackElo "2357"]
[WhiteFideId "2112450"]
[BlackFideId "4113632"]
[EventDate "2019.12.29"]

1. e4 c5 2. Nf3 Nc6 3. Bb5 Nf6 4. Nc3 Qc7 5. O-O Nd4 6. Bc4 e6 7. a4 a6 8. Re1
Bd6 9. h3 Nxf3+ 10. Qxf3 Bh2+ 11. Kh1 Be5 12. a5 d6 13. d3 Bd7 14. Qe2 O-O 15.
f4 Bxc3 16. bxc3 d5 17. e5 Ne8 18. Bb3 g6 19. f5 exf5 20. Bxd5 Bc6 21. c4 Ng7
22. Bg5 Rfe8 23. Bf6 Nh5 24. Qf2 Nxf6 25. exf6 Qd6 26. Qh4 h5 27. Qg5 Bxd5 28.
cxd5 Re5 29. Rxe5 Qxe5 30. Rb1 Rb8 31. Rb6 Kh7 32. Qd2 Qxd5 33. Qf4 Re8 34. Rb1
Re2 35. Qf3 Qxf3 36. gxf3 g5 37. Rxb7 Kg6 38. Rb6 Rxc2 39. Rxa6 Ra2 40. Kg1 f4
41. Ra8 Kxf6 42. a6 Kf5 43. Rc8 Rxa6 44. Rxc5+ Kg6 45. Rd5 Ra2 46. Rd6+ f6 47.
Rd5 h4 48. Rd7 Kf5 49. Rd5+ Ke6 50. Rd8 Rd2 51. Rd4 Ke5 52. Rd8 Ke6 53. Rd4 Kf7
54. Rd7+ Ke6 55. Rd8 Ke5 56. Rd7 f5 57. Rd8 g4 58. fxg4 fxg4 59. hxg4 f3 60. g5
Kf4 61. Kf1 Kg3 62. Ke1 Re2+ 63. Kf1 Ra2 64. Ke1 f2+ 0-1

[Event "Mondiale Lampo FIDE 2019"]
[Site "Mosca"]
[Date "29.12.2019"]
[Round "11.98"]
[White "Galkin, Alexander"]
[Black "Usov, Aleksandr E."]
[Result "1-0"]
[WhiteTitle "GM"]
[WhiteElo "2611"]
[BlackElo "2012"]
[WhiteFideId "4120426"]
[BlackFideId "24257109"]
[EventDate "2019.12.29"]

1. Nf3 d5 2. e3 Nf6 3. c4 c6 4. Nc3 Nbd7 5. b3 e6 6. Bb2 Be7 7. d4 O-O 8. Bd3 a5
9. O-O Nb6 10. Qe2 Qc7 11. Rac1 Nbd7 12. e4 dxe4 13. Nxe4 Nxe4 14. Bxe4 Nf6 15.
Bb1 b6 16. d5 exd5 17. cxd5 Ba6 18. Qc2 g6 19. Rfd1 Rfd8 20. Be5 Qa7 21. d6 1-0

[Event "Mondiale Lampo FIDE 2019"]
[Site "Mosca"]
[Date "29.12.2019"]
[Round "11.99"]
[White "Gutenev, Alexander"]
[Black "Faizrakhmanov, Ramil"]
[Result "0-1"]
[WhiteTitle "IM"]
[BlackTitle "IM"]
[WhiteElo "2469"]
[BlackElo "2434"]
[WhiteFideId "4195540"]
[BlackFideId "24103209"]
[EventDate "2019.12.29"]

1. e4 c6 2. d4 d5 3. Nd2 dxe4 4. Nxe4 Bf5 5. Ng3 Bg6 6. h4 h6 7. Nf3 Nd7 8. h5
Bh7 9. Bd3 Bxd3 10. Qxd3 e6 11. Bd2 Ngf6 12. O-O-O Be7 13. Kb1 Qb6 14. Ne4 Rd8
15. c4 O-O 16. Bc3 Rfe8 17. Qe2 c5 18. dxc5 Nxc5 19. Nxc5 Qxc5 20. Ne5 a6 21. g4
b5 22. cxb5 axb5 23. a3 Qb6 24. f3 b4 25. axb4 Bxb4 26. Bxb4 Rxd1+ 27. Rxd1 Qxb4
28. Nc6 Qb6 29. Qc2 Nd5 30. Rc1 Rc8 31. Qc5 Qb3 32. f4 Rc7 33. Qc4 Qxc4 34. Rxc4
Nxf4 35. Rxf4 Rxc6 36. b4 e5 37. Re4 f6 38. b5 Rb6 39. Rb4 Kf7 40. Kc2 Ke6 41.
Kc3 Kd5 42. Kb3 Kc5 43. Ka4 Rb8 44. Rb1 Ra8+ 45. Kb3 Kxb5 46. Kc3+ Kc6 47. Rb4
Ra3+ 48. Kd2 Ra7 49. Ke3 Kd6 50. Ke4 Ke6 51. Rb6+ Kf7 52. Kf5 Re7 53. Ke4 Rd7
54. Kf5 Rd4 55. Rb7+ Kg8 56. g5 fxg5 57. Kxe5 Rf4 58. Rc7 Kh7 59. Rb7 Rh4 60.
Kf5 Rxh5 61. Kg4 Rh4+ 62. Kg3 Rc4 0-1

[Event "Mondiale Lampo FIDE 2019"]
[Site "Mosca"]
[Date "29.12.2019"]
[Round "11.100"]
[White "Mamatov, Melis"]
[Black "Al Thebaiti, Ahmed M"]
[Result "1-0"]
[BlackTitle "CM"]
[WhiteElo "2292"]
[BlackElo "1976"]
[WhiteFideId "13800027"]
[BlackFideId "21502390"]
[EventDate "2019.12.29"]

1. c4 Nf6 2. Nf3 c6 3. e3 d5 4. a3 Bg4 5. b4 e6 6. Bb2 a5 7. b5 Be7 8. Be2 O-O
9. O-O Nbd7 10. d4 Ne4 11. Nbd2 Ndf6 12. Rc1 cxb5 13. cxb5 a4 14. h3 Bh5 15. Re1
Qb6 16. Nxe4 dxe4 17. Ne5 Bxe2 18. Qxe2 Rfc8 19. Rc4 Bf8 20. Rxc8 Rxc8 21. Rc1
Rxc1+ 22. Bxc1 Qc7 23. Qc4 Nd5 24. Bd2 f6 25. Qxc7 Nxc7 26. b6 Nd5 27. Nc4 Be7
28. Ba5 Kf8 29. f3 exf3 30. gxf3 Ke8 31. Kf2 Kd7 32. e4 Nf4 33. h4 g5 34. Bd2
Ng6 35. h5 Nf8 36. d5 exd5 37. exd5 Bc5+ 38. Kg3 h6 39. Kg4 Ke7 40. Kf5 Kf7 41.
Bc3 Nd7 42. Bb2 Nxb6 43. Nxb6 1-0

[Event "Mondiale Lampo FIDE 2019"]
[Site "Mosca"]
[Date "29.12.2019"]
[Round "11.101"]
[White "Thing, Bibek"]
[Black "Zarubitski, Viachaslau"]
[Result "1-0"]
[WhiteTitle "CM"]
[BlackTitle "IM"]
[WhiteElo "2222"]
[BlackElo "2451"]
[WhiteFideId "12303135"]
[BlackFideId "13509373"]
[EventDate "2019.12.29"]

1. e4 Nf6 2. e5 Nd5 3. d4 d6 4. c4 Nb6 5. exd6 exd6 6. Nc3 Be7 7. Be2 O-O 8. Nf3
Bg4 9. b3 Nc6 10. O-O Bf6 11. Be3 Re8 12. h3 Bh5 13. Qd2 d5 14. c5 Nc8 15. a3
Bxf3 16. Bxf3 N6e7 17. Rfe1 c6 18. Bg4 Ng6 19. Re2 Nce7 20. Rae1 Qa5 21. Qb2 Qc7
22. b4 a6 23. Qd2 Rad8 24. g3 Nc8 25. h4 Qb8 26. h5 Nf8 27. Bf4 Rxe2 28. Rxe2
Qa8 29. Bc7 Na7 30. Bxd8 Qxd8 31. Qd3 Nb5 32. Nxb5 axb5 33. Kg2 g6 34. hxg6 hxg6
35. Re1 Kg7 36. Rh1 Bg5 37. Qe2 Qf6 38. Qe5 Nh7 39. f4 Qxe5 40. dxe5 Bd8 41. a4
bxa4 42. Ra1 b5 43. cxb6 Bxb6 44. Rxa4 Be3 45. Bf3 g5 46. Ra6 gxf4 47. gxf4 Bxf4
48. Rxc6 d4 49. Rc5 Ng5 1-0

[Event "Mondiale Lampo FIDE 2019"]
[Site "Mosca"]
[Date "29.12.2019"]
[Round "11.102"]
[White "Masrahi, Abdulrahman A"]
[Black "Al Ghamdi, Ahmed M"]
[Result "1/2-1/2"]
[WhiteTitle "CM"]
[BlackTitle "CM"]
[WhiteElo "1956"]
[BlackElo "2107"]
[WhiteFideId "21501564"]
[BlackFideId "21500150"]
[EventDate "2019.12.29"]

1. d4 Nf6 2. Nf3 g6 3. Bf4 Bg7 4. e3 d6 5. Be2 O-O 6. h3 c5 7. c3 Qb6 8. Qb3 Be6
9. Qxb6 axb6 10. a3 Bd5 11. Nbd2 Bc6 12. O-O Nbd7 13. Bh2 Ne4 14. Nxe4 Bxe4 15.
Nd2 Bc6 16. Bf3 Bxf3 17. Nxf3 b5 18. Nd2 c4 19. Rfe1 Nb6 1/2-1/2

[Event "Mondiale Lampo FIDE 2019"]
[Site "Mosca"]
[Date "29.12.2019"]
[Round "11.103"]
[White "Al Mutairi, Hassan S"]
[Black "Al Nhier, Hamoud"]
[Result "1/2-1/2"]
[WhiteTitle "CM"]
[BlackTitle "FM"]
[WhiteElo "1883"]
[BlackElo "1934"]
[WhiteFideId "21500193"]
[BlackFideId "21500045"]
[EventDate "2019.12.29"]

1. Nf3 b6 2. g3 Bb7 3. Bg2 Nf6 4. O-O d6 5. c4 Nbd7 6. Qc2 e5 7. Nc3 Be7 8. d4
exd4 9. Nxd4 Bxg2 10. Kxg2 O-O 11. Nc6 Qe8 12. Nxe7+ Qxe7 13. Nd5 Nxd5 14. cxd5
Nf6 15. Bg5 Rac8 16. f3 Qe5 17. Bxf6 Qxf6 18. e4 Rfd8 19. Rac1 Rd7 20. Qc3 Qxc3
21. Rxc3 Kf8 22. Rc6 Ke8 23. Rfc1 Kd8 24. b4 a6 25. a4 Ra8 26. Kf2 Re7 27. Ke3
Ra7 28. Kf2 Kc8 29. Ke3 Kb7 30. Kf2 Ra8 31. Ke3 Rd8 32. Kd4 Rdd7 33. h4 Rd8 34.
Ke3 Rdd7 35. g4 Rd8 36. Kf2 Rdd7 37. Ke3 Rd8 38. Kf2 Rdd7 1/2-1/2

[Event "Mondiale Lampo FIDE 2019"]
[Site "Mosca"]
[Date "29.12.2019"]
[Round "12.3"]
[White "Matlakov, Maxim"]
[Black "Vidit, Santosh Gujrathi"]
[Result "1-0"]
[WhiteTitle "GM"]
[BlackTitle "GM"]
[WhiteElo "2699"]
[BlackElo "2721"]
[WhiteFideId "4168003"]
[BlackFideId "5029465"]
[EventDate "2019.12.29"]

1. c4 c5 2. Nf3 Nc6 3. d4 cxd4 4. Nxd4 Nf6 5. Nc3 e6 6. g3 Qb6 7. Nb3 Ne5 8. e4
Bb4 9. Qe2 d6 10. Bd2 a5 11. Bg2 a4 12. Be3 Qc7 13. Nd2 Bd7 14. Rc1 a3 15. b3
Qa5 16. Ndb1 Bc6 17. O-O O-O 18. h3 Rac8 19. Rfd1 Rfd8 20. f4 Ned7 21. Kh2 h6
22. Bf2 Nc5 23. Bd4 e5 24. fxe5 dxe5 25. Bf2 Rxd1 26. Rxd1 Bxc3 27. Nxc3 Nxb3
28. Nd5 Bxd5 29. exd5 Nc5 30. Qxe5 Re8 31. Qd4 b6 32. d6 Re2 33. Qf4 Rxa2 34.
Bxc5 bxc5 35. d7 Qd8 36. Qf3 Rb2 37. Qxa3 Rb4 38. Qa7 Rxc4 39. Qb7 Rb4 40. Qc8
Rb8 41. Qxb8 1-0